| 000 | 01367cam a2200349 i 4500 | ||
|---|---|---|---|
| 001 | 55545 | ||
| 003 | Mx-PuUPA | ||
| 005 | 20250424114416.0 | ||
| 008 | 140415s2010 mx gr 001 0 spa d | ||
| 020 | _a9786077648284 | ||
| 040 |
_cMx-PuUPA _aMx-PuUPA _bspa _dMx-PuUPA _erda |
||
| 041 | 1 |
_aspa _hita |
|
| 100 | 1 |
_aSapienza, Leonardo, _eautor _916923 |
|
| 240 | 1 | 0 |
_aStile sacerdotale : Sulle orme di San Giovanni. _lEspañol |
| 245 | 1 | 4 |
_aEl alma sacerdotal : _bsobre las huellas de San Juan María Vianney el cura de Ars / _cSapienza, Leonardo ; Armando Aguirre Muñoz, traductor |
| 250 | _aPrimera edición | ||
| 264 | 1 |
_aMéxico, D. F. : _bEdiciones Paulinas, _c2010 |
|
| 300 |
_a203 páginas ; _c21 cm |
||
| 336 |
_2rdacontent _atexto _btxt |
||
| 337 |
_2rdamedia _asin medio _bn |
||
| 338 |
_2rdacarrier _avolumen _bnc |
||
| 600 | 1 | 4 |
_aGiovanni María Vianney, Cura de Ars _xEclesiología |
| 650 | 7 |
_2armarc _aVocación (Llamado religioso) _xEclesiología |
|
| 650 | 7 |
_2armarc _aSacerdores _xVida espiritual |
|
| 700 | 1 |
_aAguirre Muñoz, Armando, _etraductor |
|
| 765 | 1 |
_aSapienza, Leonardo _dLibreria Editrice Vaticana : Ciudad del Vaticano, 2009 |
|
| 942 |
_2ddc _cLI _h262.1 _iS2418 |
||
| 999 |
_c55545 _d55545 |
||